I Jornadas sobre Administración Autonómica (Record no. 84811)
[ view plain ]
| 000 -LEADER | |
|---|---|
| campo de control de longitud fija | 00554nam a2200157 i 4500 |
| 001 - NÚMERO DE CONTROL | |
| campo de control | 84811 |
| 003 - IDENTIFICADOR DE NÚMERO DE CONTROL | |
| campo de control | ES-MaACL |
| 007 - CAMPO FIJO DE DESCRIPCIÓN FÍSICA--INFORMACIÓN GENERAL | |
| campo de control de longitud fija | t| |
| 008 - DATOS DE LONGITUD FIJA--INFORMACIÓN GENERAL | |
| campo de control de longitud fija | 041124s1982 sp ||||1| spa d |
| 111 2# - ENTRADA PRINCIPAL--NOMBRE DE CONGRESO/REUNIÓN | |
| Nombre de congreso/reunión o jurisdicción como elemento de entrada | Jornadas sobre Administración Autonómica ( |
| Número del congreso/reunión o número de parte o sección | 1ª. |
| Fecha del congreso o de la firma del tratado | 1982. |
| Sede del congreso/Lugar de la reunión | Zaragoza) |
| 9 (RLIN) | 857 |
| 245 10 - MENCIÓN DEL TÍTULO | |
| Título | I Jornadas sobre Administración Autonómica |
| Resto del título | : 1982, Zaragoza. |
| 260 ## - PUBLICACIÓN, DISTRIBUCIÓN, ETC. | |
| Lugar de publicación, distribución, etc. | [Zaragoza] : |
| Nombre del editor, distribuidor, etc. | Diputación General de Aragón, |
| Fecha de publicación, distribución, etc. | [1982] |
| 300 ## - DESCRIPCIÓN FÍSICA | |
| Extensión | 233 p. ; |
| Dimensiones | 22 cm. |
| 740 2# - ENTRADA AGREGADA--TÍTULO RELACIONADO/ANALÍTICO NO CONTROLADO | |
| Título relacionado o analítico no controlado | Primeras Jornadas sobre Administración Autonómica. |
| 852 ## - LOCALIZACIÓN | |
| Ubicación | ES-MaACL |
| Número de control de estantería | L-3393 |
| Sublocalización o colección | R.104554 |
| Estatus retirado | Estado de pérdida | Estado de daño | No para préstamo | Biblioteca de origen | Biblioteca actual | Ubicación en estantería | Fecha de adquisición | Fuente de adquisición | Total de préstamos | Signatura topográfica completa | Código de barras | Visto por última vez | Precio de reemplazo | Tipo de ítem Koha |
|---|---|---|---|---|---|---|---|---|---|---|---|---|---|---|
| Biblioteca del Ateneo de Madrid | Biblioteca del Ateneo de Madrid | Depósito 2 | 17/01/2008 | L-3393 | 1088632 | 23/02/2023 | 23/02/2023 | Libro impreso |
